| 000 | 01626nam0a2200361 4500 | ||
|---|---|---|---|
| 001 | RU\NLR\bibl\1461602 | ||
| 005 | 20250615235021.0 | ||
| 010 |
_a978-5-691-01646-2 _910000 |
||
| 021 |
_aRU _b2009-93763 _95935 |
||
| 035 | _a(NLR Aleph) 001453362 | ||
| 090 |
_a1537213 _c1537213 |
||
| 100 | _a20100115d2010 |||y0rusy50 ca | ||
| 101 | 0 | _arus | |
| 102 | _aRU | ||
| 105 | _ay ||||||||| | ||
| 200 | 1 |
_aФилософия воспитания _eспециальный курс _e[для студентов педагогических вузов] _fБ.Т. Лихачев |
|
| 210 |
_aМосква _cВЛАДОС _d2010 [т.е. 2009] |
||
| 215 |
_a334 с., [1] с. _d23 |
||
| 225 | 1 | _aПедагогическое наследие | |
| 300 | _aНа с. 3 авт.: Лихачев Борис Тимофеевич - д.чл. Рос. акад. образования, д.п.н., проф. | ||
| 300 | _aКн. фактически изд. в 2009 г. | ||
| 320 | _aБиблиогр.: с. 333-334 | ||
| 606 | 0 |
_aВоспитание _jУчебные издания для высших учебных заведений _9893560 _3RU\NLR\auth\663355 |
|
| 606 | 0 |
_aПедагогика _jУчебные издания для высших учебных заведений _xФилософские основы _92078364 _3RU\NLR\auth\661254212 |
|
| 686 | _aЧ30в.я73 | ||
| 686 | _aЧ313я73 | ||
| 686 |
_aЮ252 _bЧ30я73 |
||
| 700 | 1 |
_aЛихачев _bБ. Т. _f1929-1999 _gБорис Тимофеевич _4070 |
|
| 801 | 0 |
_aRU _bNLR _c20100115 _gRCR |
|
| 801 | 1 |
_aRU _bNLR _c20100115 |
|
| 942 | _cBOOK | ||
| 980 | _aNB | ||